Cesta pokojného bojovníka

Bibliographic Details
Main Author: Millman, Dan, 1946- (Author)
Format: Book
Language:Slovak
English
PhysicalDescription:237 s. 20 cm
Published: Bratislava Eugenika 2009
ISBN:9788081001024
Edition:1. vyd.
Subjects:

MARC

LEADER 00000nam a2200000 a 4500
001 vtls009505464
003 SK-MaSNL
005 20260301082204.0
008 240318s2009 xo g 000 f slo
015 |a SNBA2009/09-04872 
020 |a 9788081001024  |q (brož.) 
040 |a SNK  |b slo  |c SNK  |e AACR2 
041 1 |a slo  |h eng 
044 |a xo  |c SK 
072 7 |a 821.111(73)-3  |x Americká próza  |2 konspekt 
080 |a 821.111(73)-31  |2 2001 
080 |a 796.071.2  |2 2001 
080 |a 133.2  |2 2001 
080 |a 165.242.1  |2 2001 
080 |a 17.02  |2 2001 
080 |a 929  |2 2001 
080 |a (73)  |2 2001 
080 |a (0:82-312.6)  |2 2001 
100 1 |a Millman, Dan,  |d 1946-  |4 aut  |9 111757 
240 1 0 |a Way of the peaceful warrior  |l Slovensky 
245 1 0 |a Cesta pokojného bojovníka  |c Dan Millman 
250 |a 1. vyd. 
260 |a Bratislava  |b Eugenika  |c 2009 
300 |a 237 s.  |c 20 cm 
600 1 7 |a Millman, Dan,  |d 1946-  |2 SNKMA  |9 111757 
648 7 |a 20. stor.  |2 SNKPH  |9 275975 
650 0 7 |a športovci  |2 SNKPH  |9 1043 
650 0 7 |a duchovná cesta  |2 SNKPH  |9 67470 
650 0 7 |a sebapoznanie  |2 SNKPH  |9 4292 
650 0 7 |a zmysel života  |2 SNKPH  |9 4977 
651 7 |a Spojené štáty americké  |2 SNKPH  |9 18262 
655 7 |a americké romány  |2 SNKPH  |9 1174 
655 7 |a autobiografické romány  |2 SNKLPH  |9 70327 
919 |a 978-80-8100-102-4 
958 |a LX 
958 |a UP 
968 |b ENG  |d 821 
999 |c 657906  |d 659836 
952 |a SNK  |b SNK  |y PREZ  |7 0  |p 17A0620026  |o snkSD 78196  |i snk2009/8210  |8 0  |0 0  |1 0  |4 0  |d 2009-05-05  |l 0  |r 2025-11-26 00:00:00  |w 2026-02-23 
952 |a SNK  |b SNK  |y VYP  |7 0  |p 17A0620025  |o snkSD 78196 D1  |i snk2009/8211  |8 0  |0 0  |1 0  |4 0  |d 2009-05-05  |l 0  |r 2017-06-30 00:00:00  |w 2026-02-23